| 000 | 01366cam a22003374a 4500 | ||
|---|---|---|---|
| 999 |
_c26490 _d26490 |
||
| 001 | 12676890 | ||
| 003 | OSt | ||
| 005 | 20170204140833.0 | ||
| 008 | 020212s2002 nyua 000 0 eng | ||
| 010 | _a 2002102120 | ||
| 020 | _a0764155571 | ||
| 035 | _a(DLC) 2002102120 | ||
| 040 |
_aDLC _cDLC _dDLC |
||
| 041 | 1 |
_aeng _hspa |
|
| 042 | _apcc | ||
| 050 | 0 | 0 |
_aNC760 _b.C5513 2002 |
| 082 | 0 | 0 |
_a743.4/9 _221 |
| 130 | 0 |
_aComo dibujar la anatomia del cuerpo humano. _lEnglish. |
|
| 245 | 1 | 0 |
_aAnatomy for the artist / _c[authors, Parramon's Editorial Team ... et al. ; translated from the Spanish]. |
| 260 |
_aHauppauge, NY : _bBarron's Educational Series, _cc2002. |
||
| 300 |
_a96 p. : _bcol. ill. ; _c27 cm. |
||
| 440 | 4 | _aThe painter's corner | |
| 650 | 0 | _aAnatomy, Artistic. | |
| 650 | 0 | _aHuman figure in art. | |
| 650 | 0 |
_aDrawing _xTechnique. |
|
| 710 | 2 |
_aParramón Ediciones. _bEditorial Team. |
|
| 710 | 2 | _aBarron's Educational Series, inc. | |
| 856 | 4 | 2 |
_3Publisher description _uhttp://www.loc.gov/catdir/description/barrons041/2002102120.html |
| 906 |
_a7 _bcbc _corignew _d2 _eepcn _f20 _gy-gencatlg |
||
| 942 |
_2lcc _cBOOKS _hNC 760 .C5513 2002 |
||